Normal view
MARC view
- Howell, John R.
Entry Personal Name
001 - CONTROL NUMBER
- control field: 1539
003 - CONTROL NUMBER IDENTIFIER
- control field: NUST
005 - DATE AND TIME OF LATEST TRANSACTION
- control field: 20170530103424.0
008 - FIXED-LENGTH DATA ELEMENTS
- fixed length control field: 170530|| aca||aabn | a|a d
040 ## - CATALOGING SOURCE
- Original cataloging agency: NUST
- Transcribing agency: NUST
100 ## - HEADING--PERSONAL NAME
- Personal name: Howell, John R.
670 ## - SOURCE DATA FOUND
- Source citation: Work cat.: (NUST)23710: Siegel, Robert, 1927- 1535, Thermal radiation heat transfer /, c2002.
